ZMENY NA POHLAVNOM APARÁTE BAHNÍC V PUERPERÁLNOM OBDOBÍ

Bibliographic Details
Main Authors: Bekeová, Eva, 1944- (Author), Maraček, Imrich, 1941-2021 (Author), Valocký, Igor, 1962- (Author), Pošivák, Ján, 1955- (Author), Lenhardt, Ľudovít, 1951- (Author), Krajničáková, Mária (Author)
Format: Article
Language:Slovak

MARC

LEADER 00000naa a2200000uu 4500
001 vtls010929477
003 SK-MaSNL
005 20260302141012.0
008 210910|2000 xo |||||||||||||||||slo|
015 |a SNBRA 
035 |a (urnnbn)urn:nbn:sk:snk:ar-a0b2l7 
035 |a (uuid)190149e4-c7de-41f1-a46c-880125d26c9b 
035 |a urn:nbn:sk:snk-aatv49 
040 |a SNKBUCL  |b slo  |c SNKBUCL  |e AACR2 
041 0 |a slo 
044 |a xo  |c SK 
100 1 |a Bekeová, Eva,  |d 1944-  |4 aut  |9 233902 
245 1 0 |a ZMENY NA POHLAVNOM APARÁTE BAHNÍC V PUERPERÁLNOM OBDOBÍ  |c E. Bekeová, I. Maraček, I. Valocký, J. Pošivák, Ľ. Lenhardt, M. Krajničáková 
246 3 |a CHANGES OF REPRODUCTIVE ORGANS OF EWES IN THE PUERPERAL PERIOD 
700 1 |a Maraček, Imrich,  |d 1941-2021  |4 aut  |9 237101 
700 1 |a Valocký, Igor,  |d 1962-  |4 aut  |9 151587 
700 1 |a Pošivák, Ján,  |d 1955-  |4 aut  |9 206414 
700 1 |a Lenhardt, Ľudovít,  |d 1951-  |4 aut  |9 196041 
700 1 |a Krajničáková, Mária  |4 aut  |9 13071 
773 0 |t 17. medzinárodná konferencia O reprodukcii hospodárskych zvierat, Liptovský Ján, 1.-2. júna 2000  |d Nitra] : Slovenská poľnohospodárska a potravinárska komora, 2000  |g S. 26-31 
958 |a OND 
958 |a article11 
958 |a chapter 
999 |c 1333708  |d 1335638